|
|
|
|
| LEADER |
00000ny a22000003n 4500 |
| 005 |
20110524102140.0 |
| 008 |
970508s1996 sp s 000 0 spa c |
| 017 |
|
|
|a B28868-1996
|
| 020 |
|
|
|a 8476983948
|
| 035 |
|
|
|a 1186
|
| 040 |
|
|
|a UMA.DER
|d vLex
|
| 040 |
|
|
|a UMA.RE
|d vLex
|
| 080 |
|
|
|a 347.453.3:347.9(460)
|
| 080 |
|
|
|a 347.9:347.453.3(460)
|
| 090 |
|
|
|c 185
|d 185
|
| 100 |
1 |
|
|a Alonso-Cuevillas y Sayrol, Jaime
|
| 245 |
1 |
0 |
|a Procesos arrendaticios
|h [Recurso electrn̤ico]
|b urbanos y comunes : tras la nueva LAU de 24 de noviembre de 1994 /
|c Jaime Alonso-Cuevillas y Sayrol
|
| 256 |
|
|
|a Servicio en ln̕ea
|
| 260 |
|
|
|a Barcelona :
|b Bosch,
|c 1996
|
| 300 |
|
|
|a 296 p. ;
|c 24 cm
|
| 504 |
|
|
|a Bibliografa̕: p. 279-291
|
| 506 |
1 |
|
|a Contenido solo disponible en los productos indicados
|d vLex Global
|d vLex Global (Academic Edition, excluding Law Schools)
|d vLex Global (U.S. Academic Edition, Law Schools)
|d vLex Global (U.S. Academic Edition, excluding Law Schools)
|d vLex Global (Academic Edition, Law Schools)
|
| 650 |
0 |
7 |
|a Civil
|2 Tesauro vLex
|
| 650 |
0 |
7 |
|a Contrato de arrendamiento
|2 Tesauro vLex
|
| 650 |
0 |
7 |
|a Juicios arrendaticios
|2 Tesauro vLex
|
| 740 |
0 |
|
|a vLex Libros (Servicios en ln̕ea)
|
| 856 |
4 |
0 |
|u http://vlex.com/source/1186
|z Acceso restringido
|
| 942 |
|
|
|c BOOK
|
| 999 |
0 |
|
|a Civil Law
|b Barcelona
|
| 999 |
0 |
|
|a Leases
|b Barcelona
|